000 00209 a2200097 4500
001 35035
100 _aBallaney P L
245 _aApplied thermodynamics
260 _aND
_bKhanna Pub
_c
090 _c23183
_d23183
942 _aNUST-CAE
_cM
_c14651
999 _c270108
_d270108